00433nam a2200181Ia 4500008004100000020001800041050001400059100002900073245002000102245002800122260001500150260001600165260000900181300001600190300002700206300001000233500000800243170918s9999 xx 000 0 und d a9780545075886 bP223 2009 aParatore, Coleen Murtagh aSunny holiday / cColeen Murtgh Paratore. aNew York : bScholastic, c2009 a160 pages : bcolored illustration ; c19cm. a650